Whether interest can lead to bias (Record no. 64172)
[ view plain ]
| 000 -LEADER | |
|---|---|
| fixed length control field | 00992cam a2200265 4500 |
| 001 - CONTROL NUMBER | |
| control field | ABS62600 |
| 008 - FIXED-LENGTH DATA ELEMENTS--GENERAL INFORMATION | |
| fixed length control field | 000000n2000 000 0 eng u |
| 035 ## - SYSTEM CONTROL NUMBER | |
| System control number | (Sirsi) u107333 |
| 100 ## - MAIN ENTRY--PERSONAL NAME | |
| Personal name | Blake, L. |
| 245 ## - TITLE STATEMENT | |
| Title | Whether interest can lead to bias |
| 260 ## - PUBLICATION, DISTRIBUTION, ETC. | |
| Date of publication, distribution, etc. | 2000 |
| 490 ## - SERIES STATEMENT | |
| Series statement | Estates Gazette |
| Volume/sequential designation | (0025) 24 June 2000, 136-137(2) |
| 520 ## - SUMMARY, ETC. | |
| Summary, etc. | Mainly for students article which discusses, with reference to case law, the issue of any real danger of inadvertent bias on the part of the decision maker, either as an arbitrator or a senior judge. |
| 590 ## - LOCAL NOTE (RLIN) | |
| Local note | ABS |
| 650 ## - SUBJECT ADDED ENTRY--TOPICAL TERM | |
| Topical term or geographic name entry element | BIAS |
| 650 ## - SUBJECT ADDED ENTRY--TOPICAL TERM | |
| Topical term or geographic name entry element | NON DISCLOSURE OF INTERESTS |
| 650 ## - SUBJECT ADDED ENTRY--TOPICAL TERM | |
| Topical term or geographic name entry element | ARBITRATORS |
| 650 ## - SUBJECT ADDED ENTRY--TOPICAL TERM | |
| Topical term or geographic name entry element | CONFLICT OF INTEREST |
| 650 ## - SUBJECT ADDED ENTRY--TOPICAL TERM | |
| Topical term or geographic name entry element | LITIGATION |
| 650 ## - SUBJECT ADDED ENTRY--TOPICAL TERM | |
| Topical term or geographic name entry element | R V BOW STREET METROPOLITAN STIPENDIARY MAGISTRATE EX P PINOCHET UGARTE |
| 650 ## - SUBJECT ADDED ENTRY--TOPICAL TERM | |
| Topical term or geographic name entry element | HALIFAX BUILDING SOCIETY V RICHARD GROSSE & CO |
| 650 ## - SUBJECT ADDED ENTRY--TOPICAL TERM | |
| Topical term or geographic name entry element | AT AND T CORPORATION AND ANOTHER V SAUDI CABLE CO |
| 690 ## - LOCAL SUBJECT ADDED ENTRY--TOPICAL TERM (OCLC, RLIN) | |
| Topical term or geographic name as entry element | Dispute resolution |
| 9 (RLIN) | 6236 |
| 942 ## - ADDED ENTRY ELEMENTS (KOHA) | |
| Suppress in OPAC | 0 |
| Withdrawn status | Lost status | Source of classification or shelving scheme | Damaged status | Not for loan | Home library | Current library | Shelving location | Date acquired | Total Checkouts | Full call number | Barcode | Date last seen | Copy number | Price effective from | Koha item type |
|---|---|---|---|---|---|---|---|---|---|---|---|---|---|---|---|
| Dewey Decimal Classification | London | London | Journal article | 26/07/2000 | ABS62600 | 107333-1001 | 06/08/2019 | 1 | 06/08/2019 | Journal article |